<?xml version="1.0" encoding="UTF-8"?>
<record
    xmlns:xsi="http://www.w3.org/2001/XMLSchema-instance"
    xsi:schemaLocation="http://www.loc.gov/MARC21/slim http://www.loc.gov/standards/marcxml/schema/MARC21slim.xsd"
    xmlns="http://www.loc.gov/MARC21/slim">

  <leader>00879nam a22001337a 4500</leader>
  <datafield tag="040" ind1=" " ind2=" ">
    <subfield code="c">RUA</subfield>
  </datafield>
  <datafield tag="082" ind1=" " ind2=" ">
    <subfield code="a">AGI  SO  2023  B1.282 Or.1</subfield>
  </datafield>
  <datafield tag="100" ind1=" " ind2=" ">
    <subfield code="a">SO LYHONG, &#x179F;&#x17BC; &#x179B;&#x17B8;&#x17A0;&#x17BB;&#x1784;</subfield>
  </datafield>
  <datafield tag="245" ind1=" " ind2=" ">
    <subfield code="a">Detection and  Evaluation of antimicrobial resistance profiles on Vibrio spp. And Aeromonas spp.  from pangasius fish in siem reap province, &#x1780;&#x17B6;&#x179A;&#x179A;&#x1780;&#x179C;&#x178F;&#x17D2;&#x178F;&#x1798;&#x17B6;&#x1793; &#x1793;&#x1784;&#x179C;&#x17B6;&#x1799;&#x178F;&#x1798;&#x17D2;&#x179B;&#x17C3;&#x179B;&#x1780;&#x17D2;&#x1781;&#x178E;&#x17C8;&#x1797;&#x17B6;&#x1796;&#x179F;&#x17CA;&#x17B6;&#x17C6;&#x179A;&#x1794;&#x179F;&#x17CB;&#x1794;&#x17B6;&#x1780;&#x17CB;&#x178F;&#x17C1;&#x179A;&#x17B8; vibrio spp. &#x1793;&#x17B7;&#x1784;Aeromonas spp. &#x1791;&#x17C5;&#x1793;&#x17B9;&#x1784;&#x17B3;&#x179F;&#x1790;&#x1794;&#x17D2;&#x179A;&#x1786;&#x17B6;&#x17C6;&#x1784;&#x1798;&#x17C1;&#x179A;&#x17C4;&#x1782;&#x178A;&#x17C2;&#x179B;&#x1799;&#x1780;&#x1796;&#x17B8;&#x178F;&#x17D2;&#x179A;&#x17B8;&#x1794;&#x17D2;&#x179A;&#x17B6;&#x179B;&#x17BE;&#x1791;&#x17B8;&#x1795;&#x17D2;&#x179F;&#x17B6;&#x179A;&#x1780;&#x17D2;&#x1793;&#x17BB;&#x1784;&#x1781;&#x17C1;&#x178F;&#x17D2;&#x178F;&#x179F;&#x17C0;&#x1798;&#x179A;&#x17B6;&#x1794;.</subfield>
  </datafield>
  <datafield tag="260" ind1=" " ind2=" ">
    <subfield code="a">phnom penh </subfield>
    <subfield code="b">rua</subfield>
    <subfield code="c">2023</subfield>
  </datafield>
  <datafield tag="300" ind1=" " ind2=" ">
    <subfield code="a">xiii,</subfield>
    <subfield code="b">ill,</subfield>
    <subfield code="c">29cm,</subfield>
  </datafield>
  <datafield tag="856" ind1=" " ind2=" ">
    <subfield code="u">https://drive.google.com/file/d/1jWDGoQhqAa5Z6EN4QRKtOYULrXkdpLY0/view?usp=sharing</subfield>
  </datafield>
  <datafield tag="942" ind1=" " ind2=" ">
    <subfield code="c">AGI</subfield>
  </datafield>
  <datafield tag="999" ind1=" " ind2=" ">
    <subfield code="c">24367</subfield>
    <subfield code="d">24367</subfield>
  </datafield>
  <datafield tag="952" ind1=" " ind2=" ">
    <subfield code="0">0</subfield>
    <subfield code="1">0</subfield>
    <subfield code="4">0</subfield>
    <subfield code="6">AGI_SO_2023_000000000000000_B1_282_OR_1</subfield>
    <subfield code="7">0</subfield>
    <subfield code="9">103461</subfield>
    <subfield code="a">LBA</subfield>
    <subfield code="b">LBA</subfield>
    <subfield code="c">A126</subfield>
    <subfield code="d">2025-02-28</subfield>
    <subfield code="l">2</subfield>
    <subfield code="o">AGI  SO  2023  B1.282 Or.1</subfield>
    <subfield code="p">A082159</subfield>
    <subfield code="r">2025-07-15</subfield>
    <subfield code="s">2025-06-19</subfield>
    <subfield code="y">AGI</subfield>
  </datafield>
  <datafield tag="952" ind1=" " ind2=" ">
    <subfield code="0">0</subfield>
    <subfield code="1">0</subfield>
    <subfield code="4">0</subfield>
    <subfield code="6">AGI_SO_2023_000000000000000_B1_282_OR_2</subfield>
    <subfield code="7">0</subfield>
    <subfield code="9">103462</subfield>
    <subfield code="a">LBA</subfield>
    <subfield code="b">LBA</subfield>
    <subfield code="c">A126</subfield>
    <subfield code="d">2025-02-28</subfield>
    <subfield code="l">2</subfield>
    <subfield code="o">AGI  SO  2023  B1.282 Or.2</subfield>
    <subfield code="p">A080948</subfield>
    <subfield code="r">2025-10-21</subfield>
    <subfield code="s">2025-10-07</subfield>
    <subfield code="y">AGI</subfield>
  </datafield>
  <datafield tag="952" ind1=" " ind2=" ">
    <subfield code="0">0</subfield>
    <subfield code="1">0</subfield>
    <subfield code="4">0</subfield>
    <subfield code="6">AGI_SO_2023_000000000000000_B1_282_OR_3</subfield>
    <subfield code="7">0</subfield>
    <subfield code="9">103463</subfield>
    <subfield code="a">LBA</subfield>
    <subfield code="b">LBA</subfield>
    <subfield code="c">A126</subfield>
    <subfield code="d">2025-02-28</subfield>
    <subfield code="l">6</subfield>
    <subfield code="m">1</subfield>
    <subfield code="o">AGI  SO  2023  B1.282 Or.3</subfield>
    <subfield code="p">A081162</subfield>
    <subfield code="r">2026-01-08</subfield>
    <subfield code="s">2026-01-06</subfield>
    <subfield code="y">AGI</subfield>
  </datafield>
</record>
